00799 a2200181 4500003000500000005001700005010001600022020001500038040000900053082001300062100002900075245007100104260004600175300004300221505031400264650001500578650002400593Nust20221124114826.0 a 76155292 a0871501171 cNust00a516, SWO1 aSwokowski, Earl William,10aElementary functions with coordinate geometry:cEarl W. Swokowski. aBoston,bPrindle, Weber & Schmidtc[1971] aix, 371 p.billus. (part col.)c24 cm. aFunctions (Page-1),Polynomials (Page-55), Additional Topics on Functions (Page-87), Exponential and Logarithmic Functions (Page-103), The Trigonometric Functions (Page-135), Analytic Trigonometry (Page-185), Coordinate Geometry in Two Dimensions (Page-244), Coordinate Geometry in Three Dimensions (Page-299). 0aFunctions. 0aGeometry, Analytic.